Who is that general? - Statistics

General Stats
  • This quiz has been taken 2,445 times
    2,185 since last reset
  • The average score is 9 of 28
Answer Stats
Picture Answer % Correct
Dwight Eisenhower
94%
Charles de Gaulle
90%
Douglas MacArthur
75%
Bernard Montgomery
68%
Erwin Rommel
67%
Ulysses Grant
60%
George Patton
57%
Hermann Göring
46%
Georgy Zhukov
45%
Horatio Nelson
43%
Isoroku Yamamoto
35%
Karl Dönitz
24%
Chester Nimitz
21%
Heinz Guderian
21%
Erich von Manstein
16%
Belisarius
14%
Arthur Harris
12%
Mikhail Kutuzov
8%
Erich Raeder
7%
Ivan Konev
6%
Jean Bernadotte
6%
Marcus Agrippa
6%
Thomas Fairfax
6%
William Slim
6%
Albrecht von Wallenstein
5%
Henry Arnold
5%
Pietro Badoglio
5%
Philippe Leclerc de Hauteclocque
4%
No matching quizzes found
Score Distribution
Percent of People with Each Score
Percentile by Number Answered
Your Score History
You have not taken this quiz since the last reset